000 00500nam a2200181Ia 4500
003 OSt
005 20240418095912.0
008 210210b1945 xxu||||| |||| 00| 0 eng d
040 _cAL
041 _aKannada
082 _a852/17
100 _aANANTA NARAYANA (S) ಅನಂತ ನಾರಾಯಣ (ಎಸ್ )
_9148481
245 _aAdhunika China
_bಆಧುನಿಕ ಚೀನಾ
260 _aBengaluru
_b-
_c1945
690 _aKannada Prose
_9148484
906 _a018588
942 _2ddc
_cBK
999 _c142097
_d142097